| 000 | 01554cam a22003974i 4500 | ||
|---|---|---|---|
| 003 | PE-LiUPU | ||
| 005 | 20250731175642.0 | ||
| 008 | 150706s r 000 0 d | ||
| 035 | _a(Sirsi) a52128 | ||
| 040 |
_aPE-LiUPU _bspa _cPE-LiUPU _erda |
||
| 049 | _aPRUA | ||
| 082 | 0 | 4 |
_a411.7 _bV62 _221 |
| 100 | 1 |
_aVieira, Ruy Carlos de Camargo, _eautor. |
|
| 245 | 1 | 0 |
_aUm tronco comum para os idiomas? / _cRuy Carlos De Camargo Vieira. |
| 264 | 1 |
_aBrasília : _bSociedade criacionista Brasileira, _c1998. |
|
| 300 |
_a50 páginas : _bilustraciones ; _c21 cm. |
||
| 336 |
_atext _2rdacontent |
||
| 337 |
_aunmediated _2rdamedia |
||
| 338 |
_avolume _2rdacarrier |
||
| 505 | 0 | _aUm tronco comum para os Idiomas -- O sábado -- O Tupi -- A obra inédita -- A torre de Babel e seus Mistérios -- A segunda parte dos originais. | |
| 526 | _aP145 | ||
| 526 | _aP127 | ||
| 526 | _aP97 | ||
| 526 | _aP35 | ||
| 526 | _aP14 | ||
| 526 | _aP07 | ||
| 600 | 1 |
_aStein, Guilherme _y1871-1957 |
|
| 650 | 0 | 4 |
_aLenguaje y lenguas _xOrigen. |
| 910 |
_clch _d20130506 |
||
| 942 |
_2ddc _cBOOK |
||
| 949 |
_a411.7 V62 _wDEWEY _c1 _i67021 _lCCODEBUL1 _mBUL _p08.00 _r0 _sY _tLIBRO _u2015-07-06 _xBIBLIOTECA _zUNKNOWN _o.STAFF. Colección General |
||
| 994 |
_aC0 _bPEPRU |
||
| 596 | _a1 | ||
| 999 |
_a411.7 V62 _wDEWEY _c54726 _i67021 _f2021-11-8 _g5 _lCCODEBUL1 _mBUL _p8.00 _r0 _sN _tBOOK _u2015-7-6 _xEDUCACION _zUNKNOWN _o.STAFF. Colección General _d54726 |
||
| 980 |
_81 _gALBERTO SANCHEZ Responsable de Automatización |
||